La mujer en la iglesia primitiva
Uloženo v:
| Hlavní autor: | |
|---|---|
| Médium: | Kniha |
| Jazyk: | španělština |
| Vydáno: |
Estella
Verbo Divino
1993
|
| Témata: | |
| Tagy: |
Přidat tag
Žádné tagy, Buďte první, kdo vytvoří štítek k tomuto záznamu!
|
MARC
| LEADER | 00000nam a2200000 a 4500 | ||
|---|---|---|---|
| 001 | UCY5362 | ||
| 003 | CL-VaPUC | ||
| 008 | 950508e19930000SP |||||||||||||||||spa|d | ||
| 082 | 0 | 4 | |a 208 |b BAU |2 21 |
| 100 | 0 | |a Bautista, Esperanza |e author |9 334072 | |
| 245 | 1 | 3 | |a La mujer en la iglesia primitiva |
| 300 | |a 179 p | ||
| 942 | |c BK | ||
| 945 | |d 19950508 00:00:00 |a aalvarez | ||
| 260 | |a Estella |b Verbo Divino |c 1993 | ||
| 650 | 0 | |a Mujer |9 255613 | |
| 650 | 0 | |a Iglesia |9 255004 | |
| 650 | 0 | |a Historia |9 255047 | |
| 650 | 0 | |a Cristianismo |9 257361 | |
| 583 | |a last modification |c 19950508 00:00:00 |k Rodrigo Vera | ||
| 999 | |c 233036 |d 233034 | ||
| 952 | |0 0 |1 0 |4 0 |6 208_000000000000000_BAU_1993 |7 0 |8 A |9 238089 |a BIBTEO |b BIBTEO |d 2019-11-18 |i 3080978 |o 208 BAU 1993 |p 3080978 |r 2025-01-17 |w 2019-11-18 |y BK |k ICR | ||
| 952 | |0 0 |1 0 |4 0 |6 208_000000000000000_BAU_1993 |7 0 |8 A |9 238090 |a BIBTEO |b BIBTEO |d 2019-11-18 |i 3308758 |o 208 BAU 1993 |p 3308758 |r 2025-01-17 |w 2019-11-18 |y BK |k ICR | ||
| 952 | |0 0 |1 0 |4 0 |6 208_000000000000000_BAU_1993 |7 0 |8 A |9 238091 |a BIBTEO |b BIBTEO |d 2019-11-18 |i 3342174 |o 208 BAU 1993 |p 3342174 |r 2025-01-17 |w 2019-11-18 |y BK |k ICR | ||